| Tag |
First Indicator |
Second Indicator |
Subfields |
| LEADER |
00000nam a22000007i 4500 |
| 001 |
in00005776607 |
| 005 |
20260327191550.9 |
| 006 |
m o d |
| 007 |
cr cnu---unuuu |
| 008 |
251118s2025 ne o 000 0 eng d |
| 040 |
|
|
|a OPELS
|b eng
|e rda
|e pn
|c OPELS
|d OCLCO
|
| 020 |
|
|
|a 0443336628
|q (electronic bk.)
|
| 020 |
|
|
|a 9780443336621
|q (electronic bk.)
|
| 020 |
|
|
|z 9780443336614
|
| 020 |
|
|
|z 044333661X
|
| 035 |
|
|
|a (OCoLC)1552090183
|
| 050 |
|
4 |
|a TP248.25.M45
|
| 082 |
0 |
4 |
|a 628.3
|2 23/eng/20251118
|
| 049 |
|
|
|a TXAM
|
| 245 |
0 |
0 |
|a Membrane bioreactor technology :
|b an innovative water treatment process : developments in wastewater treatment research and processes /
|c edited by Ranjana Das, Chiranjib Bhattacharjee, Maulin P. Shah.
|
| 264 |
|
1 |
|a Amsterdam :
|b Elsevier,
|c 2025.
|
| 300 |
|
|
|a 1 online resource (350 pages)
|
| 336 |
|
|
|a text
|b txt
|2 rdacontent
|
| 337 |
|
|
|a computer
|b c
|2 rdamedia
|
| 338 |
|
|
|a online resource
|b cr
|2 rdacarrier
|
| 520 |
|
|
|a Membrane Bioreactor Technology: An Innovative Water Treatment Process delves into the fundamental concepts and advancements of membrane bioreactor technology, addressing the crucial challenge of providing a safe water supply. The book comprehensively covers the theoretical aspects of membrane bioreactors, detailing their design and operational nuances. Furthermore, the book explores various membrane bioreactor topics, including filtration characteristics, membrane modification techniques, and strategies for fouling mitigation and control. This is an invaluable resource for readers interested in understanding the intricate dynamics of membrane bioreactor technology and its applications in addressing the emerging pollutant characteristics. Other sections discuss practical and operational challenges, maintenance, and representative case studies, providing readers with a thorough understanding of this innovative water treatment process.
|
| 588 |
0 |
|
|a Print version record.
|
| 650 |
|
0 |
|a Membrane reactors.
|
| 650 |
|
0 |
|a Membranes (Technology)
|
| 650 |
|
0 |
|a Sewage
|x Purification
|x Technological innovations.
|
| 650 |
|
6 |
|a Réacteurs à membrane.
|
| 650 |
|
6 |
|a Membranes (Technologie)
|
| 650 |
|
6 |
|a Eaux usées
|x Épuration
|x Innovations.
|
| 655 |
|
7 |
|a Electronic books.
|2 local
|
| 700 |
1 |
|
|a Das, Ranjana,
|e editor.
|
| 700 |
1 |
|
|a Bhattacharjee, Chiranjib,
|e editor.
|
| 700 |
1 |
|
|a Shah, Maulin P.,
|e editor.
|
| 710 |
2 |
|
|a ScienceDirect (Online service)
|
| 776 |
0 |
8 |
|i Print version:
|t Membrane bioreactor technology.
|d Amsterdam : Elsevier, 2025
|z 9780443336614
|w (OCoLC)1548374051
|
| 856 |
4 |
0 |
|u http://proxy.library.tamu.edu/login?url=https://www.sciencedirect.com/science/book/9780443336614
|z Connect to the full text of this electronic book
|t 0
|
| 955 |
|
|
|a Elsevier ScienceDirect 2026-2027
|
| 994 |
|
|
|a 92
|b TXA
|
| 999 |
f |
f |
|i 44a041d6-1944-43d1-856e-93a884489ef5
|s ae5f1133-05ff-4101-8331-7173bf48f7d6
|t 0
|
| 952 |
f |
f |
|a Texas A&M University
|b College Station
|c Electronic Resources
|s www_evans
|d Available Online
|t 0
|e TP248.25.M45
|h Library of Congress classification
|
| 998 |
f |
f |
|a TP248.25.M45
|t 0
|l Available Online
|